| Tag |
First Indicator |
Second Indicator |
Subfields |
| LEADER |
00000cam a2200000 i 4500 |
| 001 |
in00003530121 |
| 005 |
20151105174758.0 |
| 008 |
141215t20152015inua b 001 0 eng |
| 010 |
|
|
|a 2014042098
|
| 020 |
|
|
|a 9781935542735 (paperback)
|
| 020 |
|
|
|a 1935542737 (paperback)
|
| 035 |
|
|
|a (OCoLC)ocn898334327
|
| 040 |
|
|
|a DLC
|e rda
|c DLC
|d UtOrBLW
|
| 049 |
|
|
|a TXAM
|
| 050 |
0 |
0 |
|a LB1590.3
|b .F547 2015
|
| 082 |
0 |
0 |
|a 370.15/2
|2 23
|
| 100 |
1 |
|
|a Fisher, Douglas,
|d 1965-
|e author.
|
| 245 |
1 |
0 |
|a Unstoppable learning :
|b seven essential elements to unleash student potential /
|c Douglas Fisher, Nancy Frey.
|
| 264 |
|
1 |
|a Bloomington, Indiana :
|b Solution Tree Press,
|c [2015]
|
| 264 |
|
4 |
|c ©2015
|
| 300 |
|
|
|a viii, 198 pages ;
|c 26 cm.
|
| 336 |
|
|
|a text
|b txt
|2 rdacontent
|
| 337 |
|
|
|a unmediated
|b n
|2 rdamedia
|
| 338 |
|
|
|a volume
|b nc
|2 rdacarrier
|
| 504 |
|
|
|a Includes bibliographical references (pages 181-188) and index.
|
| 650 |
|
0 |
|a Critical thinking
|x Study and teaching.
|
| 650 |
|
0 |
|a Reasoning
|x Study and teaching.
|
| 650 |
|
0 |
|a Learning strategies.
|
| 700 |
1 |
|
|a Frey, Nancy,
|d 1959-
|e author.
|
| 945 |
|
|
|a PromptCat
|b 142821
|
| 946 |
|
|
|a stk
|
| 947 |
|
|
|a A14842967904
|
| 948 |
|
|
|a cataloged
|b h
|c 2015/4/15
|d c
|e dmitchel
|f 12:50:40 pm
|
| 994 |
|
|
|a 92
|b TXA
|
| 999 |
|
|
|a MARS
|
| 999 |
f |
f |
|s a0edb1c4-9a3e-3f79-8d6c-5c81350f94b3
|i ccf17726-8d12-322d-b3c6-9da179a02d32
|t 0
|
| 952 |
f |
f |
|p normal
|a Texas A&M University
|b College Station
|c Sterling C. Evans Library
|d Evans: Library Stacks
|t 0
|e LB1590.3 .F547 2015
|h Library of Congress classification
|i unmediated -- volume
|m A14842967904
|
| 998 |
f |
f |
|a LB1590.3 .F547 2015
|t 0
|l Evans: Library Stacks
|